<?xml version="1.0" encoding="UTF-8"?>
<record
    xmlns:xsi="http://www.w3.org/2001/XMLSchema-instance"
    xsi:schemaLocation="http://www.loc.gov/MARC21/slim http://www.loc.gov/standards/marcxml/schema/MARC21slim.xsd"
    xmlns="http://www.loc.gov/MARC21/slim">

  <leader>00901nam a2200193 i 4500</leader>
  <controlfield tag="001">768714001</controlfield>
  <controlfield tag="003">CO-MdFUSB</controlfield>
  <controlfield tag="005">20221125151707.0</controlfield>
  <controlfield tag="008">220715t1984    ck  |||| |||| 00| 0 spa d</controlfield>
  <datafield tag="040" ind1=" " ind2=" ">
    <subfield code="b">spa</subfield>
    <subfield code="c">CO-MdFUSB</subfield>
    <subfield code="d">CO-MdFUSB</subfield>
  </datafield>
  <datafield tag="041" ind1=" " ind2=" ">
    <subfield code="a">spa</subfield>
  </datafield>
  <datafield tag="100" ind1=" " ind2=" ">
    <subfield code="a">Kipling, Rudyard,</subfield>
    <subfield code="e">autor</subfield>
  </datafield>
  <datafield tag="245" ind1=" " ind2="4">
    <subfield code="a">Una guerra de sahibs</subfield>
    <subfield code="c">/ Rudyard Kipling</subfield>
  </datafield>
  <datafield tag="300" ind1=" " ind2=" ">
    <subfield code="a">Volumen 5, (1984) p&#xE1;ginas 433-490</subfield>
  </datafield>
  <datafield tag="520" ind1=" " ind2=" ">
    <subfield code="a">Una guerra de sahibs, que da t&#xED;tulo al volumen, reproduce la curiosa visi&#xF3;n que el asistente hind&#xFA; de un oficial ingl&#xE9;s tiene de la guerra de los boers en Sud&#xE1;frica: de ah&#xED; el ir&#xF3;nico t&#xED;tulo. El resto de los relatos, con una tem&#xE1;tica muy variada y de la &#xFA;ltima &#xE9;poca de Kipling, no desmerecen en absoluto.</subfield>
  </datafield>
  <datafield tag="653" ind1=" " ind2=" ">
    <subfield code="a">Literatura inglesa</subfield>
  </datafield>
  <datafield tag="773" ind1="0" ind2=" ">
    <subfield code="0">67924</subfield>
    <subfield code="9">81131</subfield>
    <subfield code="a">Oveja Negra, </subfield>
    <subfield code="o">24694</subfield>
    <subfield code="t">Maestros de la literatura universal </subfield>
    <subfield code="w">(CO-MdFUSB)768714001</subfield>
    <subfield code="z">8482806718</subfield>
  </datafield>
  <datafield tag="942" ind1=" " ind2=" ">
    <subfield code="c">BK</subfield>
  </datafield>
  <datafield tag="999" ind1=" " ind2=" ">
    <subfield code="c">67966</subfield>
    <subfield code="d">67966</subfield>
  </datafield>
</record>
